| Поле | Название | Значение |
| |
Тип записи |
a |
| |
Библиографический уровень |
m |
| 001 |
Контрольный номер |
RU/CBS_UL/BASE/3a5adbbfcf9940bdbadf3e72dc849f3c |
| 005 |
Дата корректировки |
20251223161207.8 |
| 010 |
Индекс ISBN |
__ |
| a |
ISBN |
978-5-04-168753-3 |
| b |
Уточнения |
в пер. |
| d |
Цена |
201 р. 30 к. |
| 9 |
Тираж |
4 000 экз. |
| 100 |
Данные общей обработки |
__ |
| a |
Данные общей обработки |
20251223d 0rusy0189## ca |
| 101 |
Язык документа |
0_ |
| a |
Язык текста |
rus |
| 102 |
Страна публикации |
__ |
| a |
Страна публикации |
RU |
| 200 |
Заглавие и сведения об ответственности |
1_ |
| a |
Заглавие |
Хрестоматия для начальной школы. 3 и 4 классы |
| e |
Сведения, относящиеся к заглавию |
зарубежная литература |
| g |
Последующие сведения об ответственности |
пер. с нем. М. Салье |
| g |
Последующие сведения об ответственности |
пер. с англ. Т. Габбе |
| 210 |
Выходные данные |
1_ |
| a |
Место издания |
Москва |
| c |
Издательство |
ЭКСМО |
| d |
Дата издания |
2022 |
| 215 |
Физическое описание |
__ |
| a |
Объем |
349, [1] с. |
| c |
Иллюстрации/тип воспроизводства |
ил. |
| d |
Формат |
22 см. |
| 225 |
Серия |
2_ |
| a |
Серия |
Хорошие книги в школе и дома |
| 225 |
Серия |
2_ |
| a |
Серия |
Классика в школе и дома |
| 300 |
Общие примечания |
__ |
| a |
Общие примечания |
Среди авт.: Эзоп, Э. Т. А. Гофман, В. Гауф, Дж. Свифт |
| 300 |
Общие примечания |
__ |
| a |
Общие примечания |
6+ ; (Мл) |
| 606 |
Тематические рубрики |
0_ |
| a |
Основная рубрика |
Зарубежная детская литература - Хрестоматии |
| 610 |
Ключевые слова |
0_ |
| a |
Ключевые слова |
хрестоматии для школьников; мифы древнегреческие; герои мифов; подвиги Геракла; басни; сказки зарубежных писателей; внеклассное чтение; произведения школьной программы |
| 686 |
Индексы других классификаций |
__ |
| 2 |
Код системы |
rubbk |
| a |
Классификационный индекс |
84(0)9 |
| 801 |
Источник записи |
_0 |
| a |
Страна |
RU |
| b |
Организация |
МБУК ЦБС г. Ульяновска |
| c |
Дата составления |
20251223 |
| g |
Правила каталогизации |
RCR |
| 801 |
Источник записи |
_1 |
| a |
Страна |
RU |
| b |
Организация |
МБУК ЦБС г. Ульяновска |
| c |
Дата составления |
20251223 |
| g |
Правила каталогизации |
RCR |
| 852 |
Данные о местонахождении |
__ |
| i |
Авторский знак |
Х 91 |
| j |
Шифр хранения |
Сб |
| 900 |
Электронные ресурсы |
__ |
| a |
Имя электронного ресурса |
хрестоматия для нач. шк. зарубежная |
| 901 |
Тип документа |
__ |
| t |
Тип документа |
m |
| 909 |
Создатель записи |
__ |
| a |
Создатель записи |
obr2 |
| b |
Дата создания записи |
20251223 |